An introduction to behavioural Ecology (Record no. 2696)

MARC details
000 -LEADER
fixed length control field 00556nam a22002057a 4500
003 - CONTROL NUMBER IDENTIFIER
control field OSt
005 - DATE AND TIME OF LATEST TRANSACTION
control field 20151126141225.0
008 - FIXED-LENGTH DATA ELEMENTS--GENERAL INFORMATION
fixed length control field 151126b xxu||||| |||| 00| 0 eng d
020 ## - INTERNATIONAL STANDARD BOOK NUMBER
International Standard Book Number 9781405114165
040 ## - CATALOGING SOURCE
Transcribing agency DDC
082 ## - DEWEY DECIMAL CLASSIFICATION NUMBER
Classification number 577 DAV 2012
100 ## - MAIN ENTRY--PERSONAL NAME
Personal name Davis, Nicholas B.; Krebs, John R.; West, Stuart A.
9 (RLIN) 6317
245 ## - TITLE STATEMENT
Title An introduction to behavioural Ecology
250 ## - EDITION STATEMENT
Edition statement 4th ed.
260 ## - PUBLICATION, DISTRIBUTION, ETC. (IMPRINT)
Place of publication, distribution, etc. UK; Wiley, 2012
300 ## - PHYSICAL DESCRIPTION
Extent xii,506p; col.ill: 25cm
504 ## - BIBLIOGRAPHY, ETC. NOTE
Bibliography, etc References, & index included
650 ## - SUBJECT ADDED ENTRY--TOPICAL TERM
Topical term or geographic name as entry element Ecology
9 (RLIN) 544
942 ## - ADDED ENTRY ELEMENTS (KOHA)
Source of classification or shelving scheme Other/Generic Classification Scheme
Koha item type Open Shelf
Holdings
Withdrawn status Lost status Source of classification or shelving scheme Damaged status Not for loan Home library Current library Date acquired Source of acquisition Inventory number Total Checkouts Full call number Barcode Date last seen Koha item type Price effective from
    Dewey Decimal Classification     MUST Main Library MUST Main Library 26/11/2015   13/37178   577 DAV 2012 2015-2795 26/11/2015 Open Shelf  
    Dewey Decimal Classification     MUST Main Library MUST Main Library 13/05/2016   12/35858   577 DAV 2012 2016-1821 13/05/2016 Short Loan 13/05/2016
    Dewey Decimal Classification     MUST Main Library MUST Main Library 13/05/2016   12/35857   577 DAV 2012 2016-1822 13/05/2016 Short Loan 13/05/2016
    Dewey Decimal Classification     MUST Main Library MUST Main Library 13/05/2016   2000/14533   577 DAV 2012 2016-1917 13/05/2016 Open Shelf 13/05/2016